Statystyki dla Sąsiedzi Niemiec

Kliknij tutaj aby rozwiązać quiz!

Ogólne statystyki

  • Ten quiz został rozwiązany 68 razy
  • Średni wynik to 9 z 9

Statystyki odpowiedzi

państwa% Poprawnych
Holandia
100%
Polska
100%
Belgia
98%
Francja
97%
Szwajcaria
95%
Austria
93%
Czechy
93%
Dania
90%
Luksemburg
90%

Rozkład punktacji

Percentyl według liczby udzielonych odpowiedzi

Procent ludzi z każdym wynikiem

Twoja historia wyników

Nie rozwiązałeś tego quizu